Vplyv inovačného prostredia ekonomiky na cestovný ruch

Zámerom tejto kapitoly monografie je identifikovať a zhodnotiť vzťah medzi kvalitou inovačného prostredia ekonomiky, výkonmi cestovného ruchu a jeho konkurenčnou schopnosťou. Súčasné turbulentné prostredie a zmeny, ktoré zásadným spôsobom menia spoločenské procesy a spôsoby uvažovania, ekonomiku i e...

Descripción completa

Guardado en:
Detalles Bibliográficos
Autor principal: Kubičková, Viera, 1970-
Otros Autores: Benešová, Dana, 1958-
Formato: Capítulo de libro
Lenguaje:eslovaco
Materias:
Etiquetas: Agregar Etiqueta
Sin Etiquetas, Sea el primero en etiquetar este registro!

MARC

LEADER 00000naa$a2200000$$$4500
001 0271623
005 20240502083825.7
041 0 |a slo 
044 |a CZ 
245 1 0 |a Vplyv inovačného prostredia ekonomiky na cestovný ruch  |c Viera Kubičková, Dana Benešová 
520 |a Zámerom tejto kapitoly monografie je identifikovať a zhodnotiť vzťah medzi kvalitou inovačného prostredia ekonomiky, výkonmi cestovného ruchu a jeho konkurenčnou schopnosťou. Súčasné turbulentné prostredie a zmeny, ktoré zásadným spôsobom menia spoločenské procesy a spôsoby uvažovania, ekonomiku i ekonomické vzťahy, sa v mnohých aspektoch deštruktívne dotýkajú cestovného ruchu. 
610 2 0 |a inovácie technologické 
610 2 0 |a inovácie sociálne 
610 2 0 |a ruch cestovný 
610 2 0 |a trh 
610 2 0 |a vzťahy ekonomické 
100 1 |a Kubičková, Viera, 1970- 
700 1 |a Benešová, Dana, 1958-